| 000 | 01046nam a2200301Ia 4500 | ||
|---|---|---|---|
| 003 | OSt | ||
| 005 | 20221006160219.0 | ||
| 006 | a|||||r|||| 00| 0 | ||
| 007 | ta | ||
| 008 | 221006b |||||||| |||| 00| 0 eng d | ||
| 020 |
_a9788980631353 _c _24.00 |
||
| 024 | _a44,630 | ||
| 037 |
_bGift, Window on Korea _cTextual |
||
| 040 |
_aEASL _cEASL _beng |
||
| 041 |
_2eng _aeng |
||
| 082 | _aX8(A).1, P2 | ||
| 100 |
_aCho Lee-jay etc. Ed. _9672440 |
||
| 245 | 0 |
_aIndustrial globalization in the 21st century _b Impact and consequences for East Asia and Korea |
|
| 260 |
_aSeoul _bKorea Development Institute Korea _c2002 |
||
| 300 |
_a272p. _ccm. |
||
| 490 | _v KEL | ||
| 650 |
_a Attracting foreign direct investment - FDI _9672441 |
||
| 650 | _a KEL | ||
| 650 |
_a Korea - FDI policies - Development and implementation of _9672442 |
||
| 650 |
_aWorld - Industrial globalization - Implications for Korea _9672443 |
||
| 942 |
_hX8(A).1, P2 _cTEXL _2CC |
||
| 999 |
_c1112722 _d1112722 |
||